[Event "ISR-chT"]
[Site "Israel"]
[Date "1997.05.02"]
[Round "10"]
[White "Mikhalevski, Victor"]
[Black "Murey, Jacob"]
[Result "1-0"]
[WhiteElo "2535"]
[BlackElo "2420"]
[Annotator "Mikhalevski,V"]
[PlyCount "76"]
[EventDate "1997.??.??"]
[EventType "team"]
[EventRounds "11"]
[EventCountry "ISR"]
[SourceTitle "CBM 061"]
[Source "ChessBase"]
[SourceDate "1997.11.23"]
[SourceVersion "1"]
[SourceVersionDate "1997.11.23"]
[SourceQuality "1"]

1. d4 Nf6 2. c4 e6 3. Nf3 d5 4. g3 dxc4 5. Bg2 c5 6. O-O cxd4 7. Nxd4 (7. Qxd4
{41/567}) (7. Qa4+ Bd7 8. Qxc4 Na6 9. Qxd4 Bc6 10. Nc3 Qxd4 11. Nxd4 Bxg2 12.
Kxg2 Bc5 13. Ndb5 O-O 14. a3 Rfd8 15. b4 Bb6 16. Na4 Rac8 17. Nxb6 axb6 18. Bf4
Nd5 19. Rac1 Nxf4+ 20. gxf4 Kf8 21. e4 Rc6 22. e5 Rd7 23. Na7 Rxc1 24. Rxc1 Nc7
25. Nc8 Nd5 26. Nd6 Nxf4+ 27. Kf3 g5 28. Rc8+ Kg7 29. Ke4 Kg6 30. Rb8 f5+ 31.
Kd4 Nd5 {Kortschnoj,V-Miles,A/London 1984/1/2-1/2 (45)}) 7... Qb6 $6 $146 (7...
Na6 {68/(426)}) (7... Bc5 8. Qa4+ Qd7 9. Nb5 O-O 10. Qxc4 Qe7 11. N5c3 a6 12.
Bg5 Nbd7 13. Ne4 Ba7 14. Nbc3 h6 15. Bd2 Rb8 16. Rac1 Rd8 17. Rfd1 b5 18. Qc7
Bb6 19. Qd6 Qxd6 20. Nxd6 Ne5 21. Nxc8 Rdxc8 22. Be1 Ba5 {1/2-1/2 Polugaevsky,
L-Ljubojevic,L/Amsterdam 1981}) 8. Nc3 $1 (8. Qa4+ $5 Bd7 9. Qxc4 Na6 10. Qb3
$1 $14 (10. Nb3 Bb5 11. Qh4 Bxe2 12. Re1 Bd3 13. Nc3 Qb4 14. Bg5 Be7 15. Rac1
O-O 16. Ne4 Bxe4 17. Rxe4 Qb6 18. Rec4 Rad8 19. Rf1 Qb5 20. Rfc1 Rfe8 21. Be3
Nb4 22. Nd4 Qa6 23. a3 Nd3 24. Nf3 Nxc1 25. Rxc1 Rc8 26. Rf1 Rc4 27. Qh3 Rc2
28. Bd4 Rd8 29. Bc3 Qb5 30. Nd4 Rxd4 31. Bxd4 h6 32. Re1 Bc5 33. Qh4 g5 34.
Qxh6 Bxd4 35. Rd1 Qe5 36. Rxd4 Qxd4 37. Qxg5+ Kf8 {0-1 Scheeren,P-Renet,O/
Budel zt 1987})) 8... Bd7 9. Be3 $5 Bc5 $6 (9... Ng4 $5) 10. b4 $3 (10. Na4
Bxa4 11. Qxa4+ Nbd7 12. Qxc4 $14) 10... cxb3 11. Rb1 $1 $16 {xb7} Bxd4 (11...
b2 12. Qd2) 12. Bxd4 Qc7 13. Qxb3 Bc6 (13... Nc6 14. Nb5) 14. Qa3 $1 {a3-f8}
Bxg2 15. Nb5 $1 Qd7 (15... Qe7 16. Bc5) 16. Nd6+ Kf8 $8 17. Kxg2 $1 (17. Nf5+
$6 Kg8 18. Ne7+ Kf8 19. Ng6+ Ke8) 17... Qc6+ (17... Qe7 18. Rxb7 Nbd7 $16) 18.
Kg1 (18. e4) 18... Qa6 19. Qxa6 bxa6 20. Bxf6 $1 gxf6 21. Rb7 $18 Nc6 22. Rc1
$4 (22. Rxf7+ $18) 22... Nd8 23. Rd7 Kg7 24. Rb1 Rf8 25. Rb4 f5 26. Ra4 Nc6 27.
Rc7 $1 (27. Rxa6 $4 Nb8 $1 $19) 27... Ne5 28. Rxa6 Rad8 29. a4 Rd7 30. Rxd7
Nxd7 31. Rxa7 $18 Rd8 32. f4 $1 Kg6 33. a5 f6 34. Rc7 Nb8 35. Nc8 Rd1+ 36. Kg2
Ra1 37. Ne7+ Kh6 38. Rc8 Nd7 $138 {+-} 1-0

[Event "Heviz Palace"]
[Site "Heviz"]
[Date "2008.03.21"]
[Round "4"]
[White "Mikhalevski, Victor"]
[Black "Naiditsch, Arkadij"]
[Result "1/2-1/2"]
[WhiteElo "2632"]
[BlackElo "2637"]
[Annotator "Mikhalevski,V"]
[PlyCount "79"]
[EventDate "2008.03.18"]
[EventType "tourn"]
[EventRounds "10"]
[EventCountry "HUN"]
[EventCategory "16"]
[SourceTitle "CBM 123"]
[Source "ChessBase"]
[SourceDate "2008.04.02"]
[SourceVersion "1"]
[SourceVersionDate "2008.04.02"]
[SourceQuality "1"]

{[%mdl 4]} 1. d4 Nf6 2. c4 e6 3. g3 d5 4. Bg2 dxc4 5. Nf3 a6 6. O-O b5 7. Ne5
Nd5 8. a4 Bb7 9. e4 Nf6 10. Nc3 {After the game I realised that this move is a
novelty.} ({Six days later I played} 10. axb5 axb5 11. Rxa8 Bxa8 12. Nc3 c6 13.
d5 {Mikhalevski,V-Nisipeanu,DL, Heviz 2008. , which is another theoretical
line.} (13. Bf4 {1/2-1/2 Radjabov,T (2656)-Topalov,V (2735)/Linares 2004/CBM
100/[Ribli] (23)})) ({In a recent game Radjabov played} 10. d5 $6 {, but soon
started to fight for a draw.} Nbd7 11. Nc6 Bxc6 12. dxc6 Ne5 13. Bf4 Bd6 14.
axb5 axb5 15. Nc3 Rb8 16. Ra5 Nxc6 17. Rxb5 Bxf4 18. Rxb8 Nxb8 19. gxf4 Qxd1
20. Rxd1 Nh5 21. Ne2 Nd7 $15 {1/2-1/2 Radjabov,T (2742)-Pavasovic,D (2597)/
Crete GRE 2007 (61)}) 10... c6 {Transposing to 8...c6.} ({Black decided not to
take chances and avoided} 10... b4 {,which deserved serious attention.}) 11. d5
cxd5 12. exd5 exd5 $5 $146 {This novelty was recommended by Dusko Pavasovic,
who was Naiditsch's second during the tournament.} (12... Nxd5 {1-0 Gerzhoy,L 
(2389)-Kaganskiy,G (2315)/Tel Aviv 2002/CBM 092/[Gofshtein,L] (29)}) 13. axb5 (
13. Bg5 {doesn't promise any advantage.} Be7 14. Re1 O-O 15. Bxf6 Bxf6 16. Nxd5
Bxe5 17. Rxe5 Nc6 $11) 13... axb5 14. Rxa8 Bxa8 15. Nxb5 Bc5 $1 (15... Qa5 $2 {
is bad in view of} 16. Qe2 $1 Qxb5 17. Ng6+ Kd8 ({or} 17... Ne4 18. Nxh8 $18)
18. Nxh8 Qd7 19. Bg5 $18) (15... Nc6 $6 {is also dubious} 16. Qa4 Nxe5 (16...
Be7 17. Nd6+ (17. Na7 $2 Qa5 $1 $17) 17... Bxd6 (17... Qxd6 18. Qxa8+ Nd8 19.
Qa4+ Kf8 20. Bf4 $36 {looks dangerous for Black.}) 18. Nxc6 Bxc6 19. Qxc6+ Qd7
20. Bxd5 Nxd5 21. Qxd5 Be7 22. Qxc4 $16) 17. Nc7+ Ke7 18. Nxa8 $16) 16. Qa4 O-O
$1 {An interesting tactical trick based on the hanging position of White's
knights.} (16... Nbd7 17. Nxd7 Nxd7 18. Nc7+ Qxc7 19. Qxa8+ Qb8 20. Qxd5 $18)
17. Qxa8 Qe8 18. Nc3 ({Another option was} 18. Bxd5 Qxb5 (18... Qxe5 19. Bxc4
Qh5 20. Nc3 Nbd7 21. Qg2 $14) 19. Bxc4 Bxf2+ 20. Rxf2 Qxe5 {It was difficult
to evaluate the position, but I thought that Black would have sufficient
compensation for White's bishop pair thanks to the vulnerable position of
White's king. E.g.} 21. Kg2 Nbd7 22. Qc6 Nb6 23. Bxf7+ Rxf7 24. Qxb6 Qd5+ 25.
Kg1 Rf8 $44) 18... Qxe5 19. Bf4 Qh5 {An aggressive retreat. Black prepares Ng4
with a further sacrifice on f2.} ({During the game I considered mostly} 19...
Qe6 $5 20. Nxd5 (20. Bxd5 Nxd5 21. Qxd5 Qxd5 22. Nxd5 Nc6 23. Rc1 Rd8 24. Ne3
Bxe3 25. Bxe3 Ne5 $11 {[%cal Ge5d3]}) (20. Bxb8 Bd6 21. Bxd5 Nxd5 22. Qxd5 Rxb8
$1 $11 (22... Qxd5 {is also possible.} 23. Nxd5 Rxb8 24. Ne3 $1 Be5 $1 25. Nxc4
Bxb2 26. Rb1 Be5 $11)) 20... Nbd7 21. Nxf6+ Nxf6 22. Qa5 $14 {and White is
slightly better thanks to his bishop pair.}) (19... Qf5 $6 {is dubious as it
leaves the c6-square for White's queen.} 20. Nxd5 Nbd7 21. Qc6 $16) 20. Bxb8 (
20. Nxd5 $1 {would set more problems for Black.} Ng4 21. h4 $1 Nxf2 22. Bxb8
Ne4+ $1 (22... Nd3+ 23. Kh1 Bd6 $140 24. Qa5 $1 $18 {[%csl Rh5][%cal Gd5f6]
I'd missed this idea.}) 23. Kh2 Nxg3 $1 (23... Bd6 $2 {loses to} 24. Nf4 $1 $18
) 24. Kxg3 Qg6+ $1 (24... Bd6+ $6 25. Bxd6 Qg6+ (25... Rxa8 26. Ne7+ Kh8 27.
Bxa8 $18 {White obtains two many pieces for the queen.}) 26. Kf2 Qc2+ 27. Kg1
Rxa8 28. Ne7+ Kh8 29. Bxa8 f6 $16 {[%cal Gc2b2] and Black retains some
practical chances.}) 25. Kh2 (25. Kh3 Qe6+ 26. Kh2 Bd6+ 27. Kh1 Rxb8 28. Qc6
Rxb2 $11) 25... Bd6+ 26. Kg1 $1 Qe6 $1 {[%cal Gf8b8]} (26... Rxb8 $4 27. Qxb8+
$1 Bxb8 28. Ne7+ $18) 27. Qc6 Rxb8 28. Qxc4 Rxb2 $14 {and with two pawns for a
piece and the vulnerable position of White's king Black retains chances for a
draw.}) 20... Ng4 {A risky, but possible move.} (20... Bd6 $5 {was safer.} 21.
Qc6 Bxb8 22. Nxd5 Nxd5 (22... Ng4 23. h4 Ne5 24. Qc5 $14) 23. Bxd5 Be5 (23...
Qe2 $6 24. Qb5 Be5 25. b3 $1 Rb8 26. Qxc4 Qxc4 27. Bxc4 $16) 24. Ra1 (24. Re1
$5 Bxb2 25. Re7 $14) (24. Qb5 Bxb2 $1 $11) 24... Bxb2 25. Ra7 {[%cal Ga7f7]} g5
26. Bxc4 g4 $14 {with good chances to maintain the equality.}) 21. h4 $1 ({
But not} 21. h3 $2 Nxf2 22. Rxf2 (22. Qxd5 $4 {loses to} Nxh3+ 23. Kh2 Ng5+ $1
$19) 22... Qf5 23. Nd1 Bxf2+ 24. Nxf2 Qb1+ 25. Kh2 Qxb2 26. Qxd5 Rxb8 $17)
21... Nxf2 $2 {This is already a mistake. Black had underestimated my reply.} (
21... Bxf2+ $5 {was much better and probably leads to an equality.} 22. Rxf2
Nxf2 23. Kxf2 Qf5+ (23... d4 $5 {is interesting and leads to a big mess.} 24.
Nd5 Qf5+ 25. Kg1 Qb1+ 26. Kh2 Qxb2 27. Ne7+ Kh8 28. Nc6 $1 d3 29. Qa5 $1 d2 30.
Be5 $1 Qc2 (30... Qxe5 31. Nxe5 d1=Q 32. Nxf7+ Kg8 33. Ne5 $16 {[%csl Rc4]
[%cal Gg2d5]}) 31. Bxg7+ $1 Kxg7 32. Qg5+ Qg6 33. Qxd2 $16) 24. Kg1 Qc8 $5 (
24... d4 25. Nd5 Qb1+ 26. Kh2 Qxb2 27. Ne7+ Kh8 28. Nc6 d3 29. Qa7 d2 30. Be5
Qxe5 31. Nxe5 d1=Q 32. Nxf7+ Kg8 33. Ne5 $16) 25. Nxd5 Qxb8 26. Qa3 Re8 27. Qc3
Qb5 $1 $11 {[%cal Ge8b8]}) 22. Qb7 $1 {White is not afraid of a discovered
check.} (22. Bxd5 $6 {would be wrong in view of} Qf5 $1 {[%cal Gf5h3]} 23. Bxc4
Ng4+ 24. Kh1 Nf2+ 25. Kg1 $11) 22... Ng4+ 23. Kh1 Nf2+ (23... Ne3 $5 {was a
better practical chance.} 24. Rf3 $16 (24. Re1 $5 $16)) 24. Kh2 Ng4+ 25. Kh1
Nf2+ (25... Ne3 $5) 26. Rxf2 $1 {Correctly rejecting the repetition of moves.}
Bxf2 27. Bd6 $1 Re8 28. Qxd5 $2 $138 {An attempt to play safer in time trouble,
which is however hardly understandable as I had seen the winning idea.} ({
White should have played for attack with} 28. Qd7 $1 Re1+ (28... f5 29. Bxd5+
Kh8 30. Kg2 Bb6 31. Qb7 $1 Qg6 (31... Bd4 32. Bf7 $18 {[%csl Re8,Rh5]}) 32.
Qxb6 (32. Bf7 $5 Qxd6 33. Bxe8 Bc7 34. Ne2 $18) 32... f4 $1 33. Ne4 Rxe4 34.
Bxe4 Qxe4+ 35. Kf2 fxg3+ 36. Bxg3 $18) 29. Kh2 {[%csl Rg8]} h6 30. Nxd5 {
[%cal Gd5e7]} Kh7 31. Ne7 $1 Bc5 (31... Bd4 32. Qc8 (32. Bb4 $5 $18) 32... Rxe7
33. Bxe7 $18) 32. Qd8 Bg1+ 33. Kh3 Rxe7 34. Bxe7 (34. Qxe7 f5 (34... Qf5+ 35.
g4 Qd3+ 36. Bg3 f5 37. Qe6 $1 $18) 35. Ba8 $1 {[%csl Gg2]} Qg4+ 36. Kg2 Qd4 37.
Qe1 $1 Qxd6 38. Kxg1 Qb8 39. Bd5 Qxb2 40. Qe6 Qb1+ 41. Kh2 h5 42. Qe2 $16)
34... Qf5+ 35. g4 Qe6 36. Qd1 $1 Qe3+ (36... h5 37. Bb4 Bb6 38. Bc3 $18) 37.
Bf3 Qxe7 38. Qxg1 Qf6 39. Qf2 $18) 28... Re1+ 29. Kh2 Qxd5 30. Bxd5 Bd4 $1 {
[%cal Ge1c1] Now I can't prevent the exchange of the b-pawn, which leads to a
draw.} 31. Bf4 (31. Bxc4 Rc1 $11) 31... Rf1 $1 $11 {[%cal Gf1f2]} 32. Kh3 (32.
Ne4 Rb1 33. Bxc4 Rxb2+ 34. Kh3 {- 32.Kh3}) 32... Rf2 33. Nd1 (33. Ne4 {- 33.
Nd1.}) 33... Rf1 34. Nc3 Rf2 35. Ne4 Rxb2 36. Bxc4 Rb7 $1 {[%csl Rf7][%cal
Yb7f7] The simplest.} (36... Rb4 37. Bd5 $1 (37. Nd6 Bc5 $1 38. Bxf7+ Kf8 39.
Bc4 Ke7 $1 40. Nf5+ Kf6 41. Bd3 Rb3 42. Bg5+ Ke5 43. Bf4+ Kf6 44. Bc2 Rb2 $11)
37... Ra4 38. Nd6 Ra7 39. Nb5 Ra4 $11) 37. Nd6 Rd7 38. h5 Bc5 $1 39. Ne4 $6 {
Allows an immediate draw, but objectively White's chances to win are not big.}
(39. Nb5 $142) 39... Rd4 $1 40. Bxf7+ 1/2-1/2

[Event "Gibraltar Masters 9th"]
[Site "Caleta"]
[Date "2011.02.01"]
[Round "8"]
[White "Mikhalevski, Victor"]
[Black "Onischuk, Alexander"]
[Result "1-0"]
[WhiteElo "2579"]
[BlackElo "2689"]
[Annotator "Mikhalevski,V"]
[PlyCount "95"]
[EventDate "2011.01.25"]
[EventType "swiss"]
[EventRounds "10"]
[EventCountry "GGB"]
[SourceTitle "CBM 141"]
[Source "ChessBase"]
[SourceDate "2011.03.17"]
[SourceVersion "1"]
[SourceVersionDate "2011.03.17"]
[SourceQuality "1"]

1. d4 Nf6 2. c4 e6 3. g3 d5 4. Bg2 dxc4 5. Nf3 c5 {Alexander decided to
surprise me with this popular line, which, in according to my database, he had
never played before.} 6. O-O Nc6 7. Qa4 {This might have come as a surprise as
well, as usually I play other lines against this system.} cxd4 (7... Bd7 {
is the most popular alternative.}) 8. Nxd4 Qxd4 ({Of course not} 8... Bd7 $6 {
when White plays} 9. Nxc6 Qb6 10. Nd2 Bxc6 11. Bxc6+ Qxc6 12. Qxc6+ bxc6 13.
Nxc4 $14 {with a pleasant endgame advantage.}) 9. Bxc6+ Bd7 10. Rd1 Qxd1+ ({
After:} 10... Bxc6 11. Qxc6+ bxc6 12. Rxd4 {Black has to defend a slightly
worse endgame, which is not to everyone's liking.}) 11. Qxd1 Bxc6 12. Nd2 c3 $6
{A rare and dubious continuation.} ({The main line runs} 12... b5 13. a4 Be7 (
13... a6 14. axb5 Bxb5 ({Even worse is} 14... axb5 $2 15. Rxa8+ Bxa8 16. Nxc4
$1 $18) 15. Qc2 Rc8 16. Rxa6 $1 $16 {1-0 Simic,R (2480)-Sahovic,D (2460)/
Vrnjacka Banja 1985/EXT 1999 (36). ...leads to a big advantage for White.}) 14.
axb5 Bxb5 15. Nxc4 O-O {and Black retains chances to equalise.}) (12... Rd8 {
--> 1-0 Postny,E (2674)-Illescas Cordoba,M (2604)/Dresden 2008/CBM 128/[Postny]
(64).}) 13. bxc3 Be7 $6 {This natural move turns out to be inaccurate.} (13...
O-O-O $6 14. Qb3 Bc5 15. Nf3 Ne4 $6 16. Nd4 Rxd4 17. cxd4 Bxd4 18. Rb1 Bxf2+
19. Kf1 $18 {White had a decisive advantage in Hjartarson-Hardarson,
Neskaupsstadur 1984.}) (13... Bc5 $5 14. Nb3 Rd8 15. Qe1 Be7 $14 {looks better
than the game, though White retains better chances.}) 14. Qb3 $1 {[%cal Gc1a3,
Gd2f3,Gf3e5] Preparing both 15.Ba3 exchanging the dark-squared bishops and the
Nf3-e5(d4) manoeuvre.} Rd8 $6 {Black prevents the first idea, but the second
turns out to be too strong for him.} ({Probably} 14... O-O {would be the
lesser of the evils, but after both} 15. Nf3 $16 ({and} 15. Ba3 $16 {White's
advantage is beyond question.})) 15. Nf3 O-O $6 {Surprisingly another natural
move and another inaccuracy. Black should have exchanged my knight at least
damaging White's pawn structure.} (15... Bxf3 $142 16. exf3 Rd7 17. Be3 a6 18.
Rd1 Rxd1+ 19. Qxd1 O-O 20. Qb3 b5 21. a4 Rb8 22. Ba7 Rb7 23. Bd4 $16) 16. Ne5
$1 $16 {[%csl Rb7] White is already virtually winning as Black can't stay on
the a8-h1 diagonal.} Be4 (16... Bd5 {is even worse.} 17. c4 Bd6 18. cxd5 $1
Bxe5 19. dxe6 Bxa1 20. e7 $18) 17. f3 Bd6 18. Nxf7 $1 {Damaging Black's pawn
structure.} Bd5 19. c4 $1 {The simplest.} ({I also considered} 19. Nxd8 Bxb3
20. Nxb7 Bd1 21. Nxd6 Bxe2 22. Kf2 Bxf3 23. Kxf3 Ne8+ 24. Ke2 Nxd6 25. Ba3 Rd8
26. Rd1 Nf7 27. Rxd8+ Nxd8 {I reached this position in my calculations and
decided that 19.c4 is better, although even here White retains better chances.}
) 19... Bc5+ 20. Kg2 Bxf3+ 21. exf3 Rxf7 22. Be3 $1 {A useful exchange of the
bishops.} Rc8 $1 23. Bxc5 {I saw that I either win the a7-pawn or exchange my
c4-pawn for the e6-pawn.} ({I didn't play the natural} 23. Rd1 {because of} b6
(23... Re7 $5 {is probably the best defence.}) 24. Bxc5 Rxc5 25. Rd8+ Rf8 26.
Rxf8+ Kxf8 {, but I didn't see that White wins a pawn after} 27. Qa3 $1 a5 28.
Qb3 Nd7 (28... Rc6 29. Qb5 Rd6 30. c5 $18) 29. Qd3 $1 $18 {[%csl Rd7,Rh7][%cal
Gd3d6]}) 23... Rxc5 24. Qe3 Rxc4 (24... Rc6 25. Qxa7 Rxc4 26. Qa8+ $18) 25.
Qxe6 Rc2+ 26. Kh3 $18 {White is winning, although he still has to overcome
some technical problems.} Rc6 27. Qb3 $1 Rb6 (27... g6 $5) 28. Qa3 $1 Ra6 29.
Qc5 $1 {[%cal Gc5c8]} Nd7 30. Qd5 $5 Raf6 ({The idea behind 30.Qd5 can be seen
here:} 30... Nf6 31. Qd8+ Rf8 32. Qc7 Rf7 $140 33. Qc8+ Rf8 34. Qxb7 $18) 31.
Re1 $1 Nf8 ({After} 31... Rxf3 $2 {Black suddenly gets mated.} 32. Re8+ Nf8 33.
Rxf8+ $1 Kxf8 34. Qd8#) 32. f4 $5 {I wanted to keep an extra pawn on the
queenside.} ({Probably} 32. Re7 {is even more precise.} b5 33. f4 a6 34. Ra7
Rf5 35. Qb3 R5f6 36. Rxf7 Rxf7 37. Qd5 g6 38. Qd6 $18 {[%cal Gd6a6]}) 32... Rf5
33. Qb3 $1 {[%cal Ge1e7]} Kh8 $1 34. Re8 $1 b6 35. Ra8 $1 {[%csl Ra7] A direct
attack allows White to win a pawn.} g6 36. Qa3 {[%csl Ra7,Rf8]} R5f6 (36... a5
{doesn't save a pawn.} 37. Qb2+ R5f6 38. Rb8 $18 {[%csl Rb6]}) 37. Rxa7 Rxa7
38. Qxa7 Kg8 39. Kg4 {One of White's ideas is to penetrate with the king to h6,
but first a check from the fifth rank has to be prevented.} (39. a4 $5) 39...
Rd6 (39... b5 $5) 40. Qc7 h5+ ({or} 40... Rf6 $5 41. a4 $18 {and Black would
soon find himself in zugzwang.}) 41. Kh4 Rf6 42. Qd8 {I tried to win without
the advance of the h- and g-pawns.} ({The simplest way to a win is} 42. Qb7 $1
{[%cal Gh4g5] My idea was to reach this position with White to move. Then I
can play Kg5.} Nh7 43. Qe7 Kh8 44. a4 Kg8 45. Kh3 Kh8 46. Kg2 Kg8 47. h3 Kh8
48. g4 $1 hxg4 49. hxg4 Kg8 50. g5 $1 Rxf4 51. Qe6+ Rf7 52. Qxb6 Nxg5 $140 53.
Qd8+ $18) 42... Kf7 43. Qd5+ Kg7 44. Qe5 Nd7 $2 {loses on the spot.} (44... Kf7
$5 {was a better defence. White would probably have to come back to the right
plan, which is given under 42.Qb7.} 45. Qc7+ Kg8 46. a4 $18 {and so on.}) 45.
Qe7+ Rf7 46. Qd6 (46. Qe6 $1 {is two moves shorter.} b5 47. Qd5 $18) 46... Kh6
47. Qe6 $1 Kg7 48. a4 $22 {Black is in zugzwang and so he resigned.} 1-0

[Event "Biel GM"]
[Site "Biel"]
[Date "2000.??.??"]
[Round "2"]
[White "Gelfand, Boris"]
[Black "Milov, Vadim"]
[Result "1/2-1/2"]
[WhiteElo "2681"]
[BlackElo "2626"]
[Annotator "Milov,V"]
[PlyCount "73"]
[EventDate "2000.07.24"]
[EventType "tourn"]
[EventRounds "10"]
[EventCountry "SUI"]
[EventCategory "16"]
[SourceTitle "CBM 079"]
[Source "ChessBase"]
[SourceDate "2000.11.21"]
[SourceVersion "1"]
[SourceVersionDate "2000.11.21"]
[SourceQuality "1"]

1. d4 Nf6 2. c4 e6 3. Nf3 d5 4. g3 dxc4 5. Bg2 a6 6. O-O Nc6 7. e3 Rb8 8. Nfd2
Qd7 $5 9. Nxc4 b5 10. Ncd2 Bb7 (10... e5 11. Nb3) 11. a4 (11. Nb3 Nd8) 11...
Be7 12. axb5 axb5 13. Nc3 Nd8 14. Bxb7 (14. Nde4 Nxe4 15. Nxe4 f5 $11) 14...
Nxb7 $6 (14... Rxb7 15. Nf3 O-O 16. Ne5 Qc8 $11 {/\c5}) 15. Nf3 O-O 16. Ne5 Qe8
17. Ra7 b4 18. Na4 (18. Qf3 bxc3 19. Rxb7 cxb2 20. Bxb2 Bd6 $11) 18... Bd6 19.
Nc4 (19. Qf3 Bxe5 (19... Qb5 20. Nc6) 20. dxe5 Nd5 21. e4 Ne7 $11) (19. Qc2 Qb5
20. Qc6 Na5 $11) 19... Qb5 20. b3 Ra8 21. Rxa8 Rxa8 22. Qc2 Na5 $6 (22... Be7
23. Bb2 c5 $11) 23. Nxa5 Rxa5 24. e4 $14 e5 (24... Bf8 25. f3) 25. Bb2 (25. f4
$2 exd4 26. e5 d3 $17) (25. d5 Nd7 (25... h6) 26. Be3 f5 $13) 25... exd4 26.
Bxd4 Ng4 27. f3 (27. f4 c5) (27. Rd1 Qh5 28. h4 Ne5 29. Bxe5 Rxe5 $13) 27...
Ne5 (27... c5 $2 28. fxg4 cxd4 29. Qc8+ Bf8 30. Qc7 f6 31. Rf5 $18) (27... Nxh2
$5 {Gelfand} 28. Qxh2 Qd3 29. Qb2 (29. Qf2 Qxb3 30. Nb2 (30. Nc5 Qc4) 30... c5)
29... Rg5 (29... Bxg3 30. Nc5) 30. g4 h5 (30... c5 31. e5 $1) 31. e5 hxg4 $1 (
31... Bxe5 32. Bxe5 Qe3+ 33. Qf2 Qxe5 34. Re1 Qd5 35. Qe3 hxg4 36. Qe8+ Kh7 37.
Qe4+ Qxe4 38. Rxe4 $16) 32. f4 Rh5 33. exd6 Qe4 34. Qg2 Qxd4+ 35. Rf2 Qd1+ 36.
Rf1 $11 (36. Qf1 Qxd6 $17)) 28. Bxe5 $1 (28. f4 Nc6 29. Be3 Ra8 30. e5 Bf8 31.
Rd1 Na5 32. Nb2 c5 $11) 28... Qxe5 29. f4 Qd4+ 30. Kg2 Qa7 $2 (30... f6 31. Rd1
Qa7 32. Qc4+ Kf8 33. Qe6 Qa6 (33... Qa8 34. Nb6 $16) 34. Rd2 Qc6 $13) 31. Qc6
g6 (31... Qe3 32. e5 $16) 32. e5 $16 Bf8 33. Rd1 Qe3 34. Qc4 $6 (34. Qf3 Qxf3+
35. Kxf3 Ra6 36. Rc1 c5 37. Ke4 $16) 34... c6 $1 35. Rd7 $6 (35. Qd3 Qa7 36.
Qe4 Qb7 $14) 35... Rd5 36. Rxd5 cxd5 37. Qxd5 (37. Qxd5 Qe2+) 1/2-1/2